000
00355nam a2200145Ia 4500
008
231129s1984||||xx |||||||||||||| ||spa||
020
_a
84-7530-455-9
040
_b
spa
082
_a
193 A241t
100
_a
Adorno Theodor W
245
0
_a
Teoria estetica
260
_c
1984
264
_a
Orbis
942
_2
ddc
_c
BKS
999
_c
25229
_d
25229